3eme Conference Internationale sur la Topographie ... Paris les 6,7 et 8 decembre 1994, London December 9, 1994 ... geodesy & engineering survey of large linear projects. (Record no. 92804)

MARC details
000 -LEADER
fixed length control field 02114cam a2200445 4500
001 - CONTROL NUMBER
control field J2755
008 - FIXED-LENGTH DATA ELEMENTS--GENERAL INFORMATION
fixed length control field 090401t1994 xxu||||| |||| 00| 0 eng d
035 ## - SYSTEM CONTROL NUMBER
System control number (Sirsi) u51043
041 ## - LANGUAGE CODE
Language code of text/sound track or separate title eng
050 ## - LIBRARY OF CONGRESS CALL NUMBER
Classification number 526.9
110 ## - MAIN ENTRY--CORPORATE NAME
Corporate name or jurisdiction name as entry element Association Francaise de Topographie
9 (RLIN) 1801
245 ## - TITLE STATEMENT
Title 3eme Conference Internationale sur la Topographie ... Paris les 6,7 et 8 decembre 1994, London December 9, 1994 ... geodesy & engineering survey of large linear projects.
260 ## - PUBLICATION, DISTRIBUTION, ETC.
Name of publisher, distributor, etc. Association Francaise de Topographie
Date of publication, distribution, etc. 1994
300 ## - PHYSICAL DESCRIPTION
Extent 283p. ; 30cm.
350 ## - PRICE (NR) (BK AM CF MU VM SE) [OBSOLETE]
Price 0
520 ## - SUMMARY, ETC.
Summary, etc. Papers include: - The Thames Water Ring Main./ FARROW, J.P. & JONES, D.E. B. - DVG digital video geographic system./ TAYLOR, M. - High precision metrology of quasi-linear networks for alignment of particle accelerators. / MAYOUD, M. - Great man-made river project./ HUMPHREY, J. - The Oman India pipeline route survey./ JOHNSTON, G.T. - Precision monitoring of large linear projects with automatic monitoring systems./ KATOWSKI, O. - Control of surveying activities along the Jubilee Line extension project./ MAY, M.R. - Geodetic levelling in the Channel Tunnel./ CALVERT, C. - The impact of GPS on civil engineering projects: a blessing or a curse?/ ASHKENAZI, V. - Kinematic control surveys for linear route mapping./ COOPER, M.A.R. & LEAHY, F.J. - The survey of the Gottard Base Tunnel./ EGGER, K.
650 ## - SUBJECT ADDED ENTRY--TOPICAL TERM
Topical term or geographic name entry element APSWIN SYSTEM
650 ## - SUBJECT ADDED ENTRY--TOPICAL TERM
Topical term or geographic name entry element AUTOMATIC MONITORING SYSTEMS
650 ## - SUBJECT ADDED ENTRY--TOPICAL TERM
Topical term or geographic name entry element CERN
650 ## - SUBJECT ADDED ENTRY--TOPICAL TERM
Topical term or geographic name entry element CHANNEL TUNNEL
650 ## - SUBJECT ADDED ENTRY--TOPICAL TERM
Topical term or geographic name entry element CITOP
650 ## - SUBJECT ADDED ENTRY--TOPICAL TERM
Topical term or geographic name entry element CONFERENCES
650 ## - SUBJECT ADDED ENTRY--TOPICAL TERM
Topical term or geographic name entry element CONTROL SURVEYS
650 ## - SUBJECT ADDED ENTRY--TOPICAL TERM
Topical term or geographic name entry element DIGITAL VIDEO GEOGRAPHIC SYSTEMS
650 ## - SUBJECT ADDED ENTRY--TOPICAL TERM
Topical term or geographic name entry element ENGINEERING SURVEYING
650 ## - SUBJECT ADDED ENTRY--TOPICAL TERM
Topical term or geographic name entry element GAS PIPES
650 ## - SUBJECT ADDED ENTRY--TOPICAL TERM
Topical term or geographic name entry element GOTTARD BASE TUNNEL
650 ## - SUBJECT ADDED ENTRY--TOPICAL TERM
Topical term or geographic name entry element GPS
650 ## - SUBJECT ADDED ENTRY--TOPICAL TERM
Topical term or geographic name entry element JUBILEE LINE
650 ## - SUBJECT ADDED ENTRY--TOPICAL TERM
Topical term or geographic name entry element LAND SURVEYING
650 ## - SUBJECT ADDED ENTRY--TOPICAL TERM
Topical term or geographic name entry element LIBYA
650 ## - SUBJECT ADDED ENTRY--TOPICAL TERM
Topical term or geographic name entry element LINEAR ROUTE MAPPING
650 ## - SUBJECT ADDED ENTRY--TOPICAL TERM
Topical term or geographic name entry element NORTECH SURVEYS
650 ## - SUBJECT ADDED ENTRY--TOPICAL TERM
Topical term or geographic name entry element PARTICLE ACCELERATORS
650 ## - SUBJECT ADDED ENTRY--TOPICAL TERM
Topical term or geographic name entry element THAMES WATER RING MAIN
690 ## - LOCAL SUBJECT ADDED ENTRY--TOPICAL TERM (OCLC, RLIN)
Topical term or geographic name as entry element LAND SURVEYING
710 ## - ADDED ENTRY--CORPORATE NAME
Corporate name or jurisdiction name as entry element Royal Institution of Chartered Surveyors
9 (RLIN) 4900
942 ## - ADDED ENTRY ELEMENTS (KOHA)
Suppress in OPAC 0
948 ## - LOCAL PROCESSING INFORMATION (OCLC); SERIES PART DESIGNATOR (RLIN)
c (OCLC) 04/03/1997
Holdings
Withdrawn status Lost status Source of classification or shelving scheme Damaged status Not for loan Home library Current library Shelving location Date acquired Total Checkouts Full call number Barcode Date last seen Date last checked out Copy number Price effective from Koha item type
    Dewey Decimal Classification     London London Basement 23/01/1995 1 BASEMENT 30044815 06/08/2019 27/06/2000 1 06/08/2019 Book